| 000 | 00533nam a22001937a 4500 | ||
|---|---|---|---|
| 003 | KOHA_MİRAKIL | ||
| 005 | 20251107145217.0 | ||
| 008 | 251107b tu ||||| |||| 00| 0 tur d | ||
| 020 | _a9789750802012 | ||
| 040 |
_aTR-AnABB _btur _cTR-AnABB |
||
| 041 | _atur | ||
| 082 |
_a915.5622621 _bBER 2013 |
||
| 100 | 1 | _aBerk, İlhan, | |
| 245 | 1 | 0 |
_aPera / _cİlhan Berk |
| 260 |
_aİstanbul : _bYapı Kredi Kültür Yayınları, _c2013 |
||
| 300 |
_a187 sayfa ; _c20 cm |
||
| 650 | 0 | 4 | _aTürk edebiyatı, roman |
| 942 |
_2ddc _cBK |
||
| 999 |
_c9301 _d9301 |
||
| 900 | _bGizem YORULMAZ | ||